000 00832nam a2200241Ia 4500
003 OSt
005 20220923212649.0
006 a|||||r|||| 00| 0
007 ta
008 220922b |||||||| |||| 00| 0 hin d
024 _a155,038
037 _cTextual
040 _aARTS
_cARTS
_bhin
041 _2hin
_ahin
082 _aO15,x(V2yM69):g, 152N1
100 _aटण्डन, कुमुद
_9156290
245 0 _aमहात्मा गांधी परक संस्कृत काव्य
246 _ahinātmā gāandhī parak sanskṛut kāvya
260 _aदिल्ली
_b ईस्टर्न बुक लिंकर्स
_c1991
300 _a399 पृ.
_ccm.
942 _hO15,x(V2yM69):g, 152N1
_cTEXL
_2CC
999 _c310616
_d310616